000 00447nam a2200157 a 4500
001 000036911
005 20200930080020.0
008 120206s2011 xxu 000 0 spa d
020 _a9781105033681
040 _aDO-SdBNP
_bspa
_cBNPHU
082 _axxx
_bC146r
100 1 _aCalderón, José Luis,
_d1975
_963301
245 1 0 _aRaíces de la marea /
_cJosé Luis Calderón.
260 _aEstados Unidos :
_b[s.n.],
_c2011.
300 _a83 p. ;
_c23 cm.
999 _c36401
_d36401